00581 2200217 4500001002100000005001700021008004100038020001700079035002400096090001500120100002000135245005700155260002800212300002900240650002300269850001500292980001300307986001300320999001500333999001500348YOGYA-0209000001687920090227022708.0 ind  a979-428-1042 0010-020900000016879 a598bIsk J aISKANDAR, Johan aJenis burungbyang umum di IndonesiacJohan Iskandar aJakartabJambatanc1989 axv, 116 hlmbilusc21 cm aBurung - Indonesia aYOPDYOG(B) a05-12-05 afwhRTREV aP000029735 a93P0046578